Povos do passado (Registo nº 4096)
[ vista simples ]
| 000 -Etiqueta do registo | |
|---|---|
| Cabeçalho | 00961cam a2200325 4500 |
| 005 - Identificador da versão | |
| Campo de controlo | 20240813122052.0 |
| 095 ## - | |
| -- | PTBN00609760 |
| 010 ## - Número internacional normalizado dos livros (ISBN) | |
| Número (ISBN) | 9722216104 |
| 021 ## - Número do Depósito Legal | |
| Código do país | PT |
| Número | 68290/93 |
| 100 ## - Dados gerais de processamento | |
| Dados gerais de processamento | 19940617d1993 a y0pory5003 ba |
| 102 ## - Pais de publicação ou produção | |
| País de publicação | Portugal |
| 101 1# - Língua de publicação | |
| Língua do texto, banda sonora, etc. | Português |
| Língua do documento no original | Inglês |
| 106 ## - Campo de dados codificados: material textual | |
| Dados codificados do material textual | r |
| 105 ## - Campo de dados codificados: livros | |
| Dados codificados dos livros | a z 001yy |
| 215 ## - Descrição física | |
| Indicação específica da natureza do documento e extensão da espécie | 49 p. |
| Outras indicações físicas | muito il. |
| Dimensões | 31 cm |
| 200 1# - Titulo e menção de responsabilidade | |
| Título próprio | Povos do passado |
| Primeira menção de responsabilidade | concepção Dorling Kindersley |
| Outras menções de responsabilidade | fot. Paul Snelgrove, Veneta Bullen |
| -- | trad. Pedro Lopes d'Azevedo |
| 225 1# - Colecção | |
| Título próprio da colecção | Vamos conhecer |
| Indicação de volume | 5 |
| 210 ## - Publicação, Distribuição, etc. | |
| Lugar da edição, distribuição, etc. | Lisboa |
| Nome do editor, distribuidor, etc. | Verbo |
| Data da publicação, distribuição, etc. | D.L. 1993 |
| 304 ## - Notas relativas a título e menção de responsabilidade | |
| Texto da nota | Tít. orig.: People in the past |
| 675 ## - Classificação Decimal Universal (CDU) | |
| Notação | 087.5 |
| Edição | BN |
| Língua da edição | por |
| Notação | 930.1 |
| Edição | BN |
| Língua da edição | por |
| 702 #1 - Nome de autor-pessoa física (responsabilidade secundária) | |
| Número de registo de entrada de autoridade | 0000678 |
| Palavra de ordem | Snelgrove |
| Outra parte do nome não tomada para palavra de ordem | Paul |
| Código de função | Fotógrafo |
| Número de registo de entrada de autoridade | 0000679 |
| Palavra de ordem | Bullen |
| Outra parte do nome não tomada para palavra de ordem | Veneta |
| Código de função | Fotógrafo |
| Número de registo de entrada de autoridade | 0000680 |
| ID Autoridade | 1 |
| Palavra de ordem | Azevedo |
| Outra parte do nome não tomada para palavra de ordem | Pedro Lopes de |
| Código de função | Tradutor |
| 700 ## - Nome de autor-pessoa física (responsabilidade principal) | |
| Número de registo de entrada de autoridade | 0000677 |
| Palavra de ordem | Dorling Kindersley |
| 942 ## - Elementos de entrada adicionados (Koha) | |
| Tipo de item no Koha | Livro |
| Situação do levantamento | Origin of item (home branch) (coded) | Biblioteca de empréstimo | Código de barras | Cota | Circulation type (not for loan) | Tipo de documento | Nota do exemplar | Damaged status |
|---|---|---|---|---|---|---|---|---|
| Biblioteca Escolar das Vendas | Biblioteca Escolar das Vendas | BEV849 | 9UNI POV | Livro | Sem mensagem |
